000 00563nam a2200205Ia 4500
005 20260429112024.0
008 260429s9999||||xx |||||||||||||| ||und||
020 _a9781032896434
041 _aEnglish
082 _a370
_bGRA
100 _aGraus, Ger
245 0 _aThrough a different lens :
_blessons from a life in education /
_cGer Graus
250 _a1st ed.
260 _aNew York :
_bRoutledge,
_c2025.
300 _axii, 195 p.; pbk
650 _a Professional reflection
650 _a Teaching experiences
650 _aEducation
942 _cTB
999 _c51936
_d51936